000 00813nam a2200289 a 4500
003 AR-BaBNM
005 20251128210601.0
008 082120s2002 ||||||||||||||000 | spa||
020 _a84-493-0808-9
040 _cAR-BaBNM
100 1 _aGüell Barceló, Manuel
245 0 0 _aDesconócete a ti mismo
_bprograma de alfabetización emocional
260 _aBarcelona
_bPaidós
_c2000
300 _a302 p.
_bgráfs., tablas
490 0 _aPapeles de pedagogía
_vv. 44
500 _aContiene referencias bibliográficas
650 4 _aSUBJETIVIDAD
650 4 _aIDENTIDAD
650 4 _aAUTOESTIMA
650 4 _aINTELIGENCIA
650 4 _aEXPERIENCIA EMOCIONAL
650 4 _aTALLERES [METODO PEDAGOGICO]
650 4 _aCOMUNICACION
700 1 _aMuñóz Redon, Josep
942 _cBK
998 _cRaquel
999 _c16044
_d16044